00598nam a22002177a 4500003000500000005001700005008004100022010001000063011001000073035001000083040000900093082001400102100001900116245005500135260003600190300002000226490003300246650004200279650002600321830003300347CHAP20220329135217.0971013s1970 r 00010 d a32651 a33623 a37739 cCHAP a581.1bN600aNobel, Park S. aPlant cell physiology ; a physicochemical approach aSan Francisco :bFreeman,c1970 a267 p.b: ilus. aA series of books in biology14aCitología e histología vegetales.14aFisiología vegetal.0 aA series of books in biology